000 00632nam a22002177a 4500
003 Ost
005 20250902113617.0
008 250902b |||||||| |||| 00| 0 eng d
020 _a9780367674144
040 _cBT-PhCST
050 _a25545-25546
082 _222
_a333.910
_bTEE
100 _aTeegavarapu, Ramesh S.V.
245 _aClimate change-sensitive water resources management /
260 _aLondon :
_bCRC Press, Taylor & Francis group,
_cc2021.
300 _axvii, 172 p. :
_bill. ;
_c25 cm.
500 _aIncludes index.
700 _aKolokytha, Elpida.
700 _aGalvao, Carlos de Oliveira.
942 _2ddc
_cWRE
999 _c10095
_d10095